| 000 | 00482nam a2200181 4500 | ||
|---|---|---|---|
| 001 | 132896 | ||
| 003 | ES-MaACL | ||
| 005 | 20230906194255.0 | ||
| 007 | t| | ||
| 008 | 070214s1974 sp r ||||1| spa d | ||
| 100 | 1 |
_aRoyo, Rodrigo. _9100226 |
|
| 245 | 1 | 0 |
_aTodavía _b: novela / _cRodrigo Royo. |
| 250 | _a1ª ed. | ||
| 260 |
_aBarcelona : _bPlaneta, _c1974. |
||
| 300 |
_a351 p. ; _c19 cm. |
||
| 500 | _aPremio Ateneo de Sevilla 1974. | ||
| 852 |
_aES-MaACL _jE-8026 _bR.92319 |
||
| 999 |
_c132896 _d132896 |
||